000 00485nam a2200193Ia 4500
005 20241008013603.0
008 240331s9999 xx 000 0 und d
020 _a0415127939
082 _bHAR
_a820
100 _aHarvey, E.D
245 0 _aVentriloquized voices :
_bfeminist Theory and English renaissance texts
260 _aLondon
_bRoutledge
_c1995
300 _ax, 173 p .,
650 _aSexuality
650 _aGender
650 _aHistory
650 _aCulture
942 _cL
999 _c3166
_d3166